| 000 | 00797nam a2200241 i 4500 | ||
|---|---|---|---|
| 001 | 48423 | ||
| 003 | ES-MaACL | ||
| 005 | 20230906161741.0 | ||
| 007 | t| | ||
| 008 | 950718s1897 fr |||| | fre d | ||
| 040 |
_aCAM _bspa _cCAM |
||
| 100 | 1 |
_aDeberle, Alfred. _943119 |
|
| 245 | 1 | 0 |
_aHistoire de l'Amerique su Sud depuis la conquête jusqu'áa nos jours / _cpar Alfred Deberle. |
| 250 |
_a3e éd. _brevue et mise au courant par Albert Milhaud. |
||
| 260 |
_aParis : _bF. Alcan, _c1897. |
||
| 300 |
_aVII, 416 p. ; _c19 cm. |
||
| 490 | 1 | _aBibliothèque d'histoire contemporaine | |
| 651 |
_aAmérica del Sur- _xHistoria. _9137033 |
||
| 700 | 1 |
_aMilhaud, Albert. _981107 |
|
| 830 | 0 |
_aBibliothèque d'histoire contemporaine _9180875 |
|
| 852 |
_aES-MaACL _jG-7440 |
||
| 999 |
_c48423 _d48423 |
||